| 000 | 01142nam a2200313 i 4500 | ||
|---|---|---|---|
| 001 | 13370 | ||
| 003 | KOSZ 005 | ||
| 005 | 20190830131753.0 | ||
| 008 | 071213s1971 pl a f 000 0 pol | ||
| 015 | _aPB 1971/4181 | ||
| 035 | _a(OCoLC)751124114 | ||
| 040 |
_aWA N _cWA N _dKOSZ 005/KK |
||
| 080 | _a621.31 | ||
| 245 | 0 | 0 |
_aAnaliza i prognoza obciążeń elektroenergetycznych : _bpraca zbiorowa / _c[Kazimierz Kopecki et al.]. |
| 260 |
_aWarszawa : _bWydawnictwa Naukowo-Techniczne, _cdr. 1971. |
||
| 300 |
_a262, [2] strony : _bilustracje ; _c23 cm. |
||
| 336 |
_2rdacontent _aTekst _btxt |
||
| 337 |
_2rdamedia _aBez urządzenia pośredniczącego _bn |
||
| 338 |
_2rdacarrier _aWolumin _bnc |
||
| 380 | _aKsiążki. | ||
| 504 | _aBibliografia na stronach 259-263. | ||
| 658 | _aInżynieria i technika | ||
| 650 | 4 | _aElektroenergetyka | |
| 650 | 4 | _aEnergia elektryczna | |
| 700 | 1 |
_aKopecki, Kazimierz _d(1904-1984). |
|
| 710 | 2 |
_aWydawnictwa Naukowo-Techniczne _4pbl. |
|
| 856 |
_uhttp://koha.tu.koszalin.pl/cgi-bin/koha/opac-detail.pl?biblionumber=13370 _yKatalog online BPK |
||
| 942 |
_2UKD _cKS |
||
| 999 |
_c13370 _d13370 |
||